|
|
|
|
| LEADER |
01352nam a2200361Ia 4500 |
| 001 |
EBC1164447 |
| 003 |
MiAaPQ |
| 005 |
20200520144314.0 |
| 006 |
m o d | |
| 007 |
cr cn||||||||| |
| 008 |
130114s2013 txu sb 001 0 eng d |
| 010 |
|
|
|z 2013000052
|
| 020 |
|
|
|z 9781593326067 (hardcover : alk. paper)
|
| 020 |
|
|
|z 9781593327170
|
| 035 |
|
|
|a (MiAaPQ)EBC1164447
|
| 035 |
|
|
|a (Au-PeEL)EBL1164447
|
| 035 |
|
|
|a (CaPaEBR)ebr10684448
|
| 035 |
|
|
|a (OCoLC)836400553
|
| 040 |
|
|
|a MiAaPQ
|c MiAaPQ
|d MiAaPQ
|
| 050 |
|
4 |
|a HE5620.A25
|b L56 2013
|
| 082 |
0 |
4 |
|a 363.12/51
|2 23
|
| 100 |
1 |
|
|a Lin, Yusheng,
|d 1976-
|
| 245 |
1 |
0 |
|a Aggressive driving
|h [electronic resource] :
|b insights derived from psychology's general aggression model /
|c Yusheng Lin.
|
| 260 |
|
|
|a El Paso :
|b LFB Scholarly Publishing LLC,
|c 2013.
|
| 300 |
|
|
|a xii, 180 p.
|
| 490 |
0 |
|
|a Criminal justice : recent scholarship
|
| 504 |
|
|
|a Includes bibliographical references and index.
|
| 533 |
|
|
|a Electronic reproduction. Ann Arbor, MI : ProQuest, 2015. Available via World Wide Web. Access may be limited to ProQuest affiliated libraries.
|
| 650 |
|
0 |
|a Aggressive driving.
|
| 650 |
|
0 |
|a Aggressiveness.
|
| 655 |
|
4 |
|a Electronic books.
|
| 710 |
2 |
|
|a ProQuest (Firm)
|
| 856 |
4 |
0 |
|u https://ebookcentral.proquest.com/lib/matrademy/detail.action?docID=1164447
|z Click to View
|